000 00318nam a22001457a 4500
008 210519b ||||| |||| 00| 0 eng d
020 _a0812358619
041 _aeng
080 _a510
082 _a510
100 _a36
101 _aMAT
245 _aAlgebra 1 An Integrated Approach
_cBenson,J
942 _2udc
_cBK
999 _c57485
_d57485